| 000 | 00677nam a2200217 i 4500 | ||
|---|---|---|---|
| 001 | 80535 | ||
| 003 | ES-MaACL | ||
| 005 | 20230906174234.0 | ||
| 007 | t| | ||
| 008 | 041028s1931 sp ||||1| spa d | ||
| 100 | 1 |
_aHöffding, Harald. _963936 |
|
| 245 | 1 | 0 |
_aRousseau / _cpor Harold Höffding ; traducción del alemán por Fernando Vela. |
| 260 |
_aMadrid : _bRevista de Occidente, _c[1931] ( _fImp. de Galo Sáez) |
||
| 300 |
_a187 p. ; _c18 cm. |
||
| 490 | 1 |
_aLos filósofos ; _v8 |
|
| 600 | 1 | 4 |
_aRousseau, Jean-Jacques. _9100055 |
| 700 | 1 |
_aVela, Fernando. _9113674 |
|
| 830 | 1 |
_aLos filósofos ; _v8 _9183665 |
|
| 852 |
_aES-MaACL _jE-6908 |
||
| 999 |
_c80535 _d80535 |
||